000 01303nam a22004690a 4500
001 PT56453
003 AR-LpoUNG
005 20260130013951.0
008 191001s2015||||ag |||||||||||||||||spa d
020 _a9789876302197
_c$14,45
040 _aAR-LpoUNG
_bspa
_cAR-LpoUNG
_eaacr
041 _aspa
044 _aag
082 0 _a320.01 266per
100 1 _aGaude, Cristian Leonardo
245 1 3 _aEl peronismo republicano :
_bJohn William Cooke en el Parlamento Nacional
250 _a1ra. ed.
260 _aLos Polvorines :
_bUniversidad Nacional de General Sarmiento,
_c2015.
300 _a111 p. :
_btbls.
650 4 _aANALISIS HISTORICO
650 4 _aASPECTOS POLITICOS
650 4 _aASPECTOS SOCIALES
650 4 _aCIENCIA POLITICA
650 4 _aCLASE OBRERA
650 4 _aESTADO
650 4 _aFILOSOFIA
650 4 _aHISTORIA POLITICA
650 4 _aHISTORIA SOCIAL
650 4 _aIDENTIDAD CULTURAL
650 4 _aIDEOLOGIAS POLITICAS
650 4 _aJUSTICIA SOCIAL
650 4 _aPARTIDOS POLITICOS
651 4 _aArgentina
653 0 _aCONCIENCIA NACIONAL
653 0 _aJUSTICIALISMO
653 1 _aPERON, JUAN DOMINGO
653 0 _aPERONISMO
653 0 _aREPUBLICANISMO
700 1 _aRinesi, Eduardo
_eprĂ³l.
_95
905 _a56453
942 _cLIB
_2ddc
999 _c11802
_d11802